000 00337nam a2200133Ia 4500
008 240624s9999 xx 000 0 und d
041 _aeng
082 _a332 DAV
100 _aDAVIES DAVID
245 _aFINANCE FOR HR MANAGERS
260 _c2007
_aMumbai
_bJaico Publishing House
300 _aix, : 213 : p. : cm. ; 23
365 _cRS
_b30
999 _c8241
_d8241